Plantas tintoreras /
Guardado en:
| Autor Principal: | |
|---|---|
| Formato: | Libro |
| Publicado: |
Buenos Aires :
Suelo argentino, 0
|
| Materias: | |
| Etiquetas: |
Agregar Etiqueta
Sin Etiquetas, Sea el primero en etiquetar este registro!
|
| LEADER | 00562nam a22001815a 4500 | ||
|---|---|---|---|
| 001 | CEM.cems016143 | ||
| 005 | 20171031165859.0 | ||
| 008 | 130507b######################000#0#####d | ||
| 003 | CEMS | ||
| 082 | 0 | 4 | |a 633.8 |
| 100 | 1 | |a Selecciones El Campo | |
| 245 | 1 | 0 | |a Plantas tintoreras / |c Selecciones El Campo, |
| 260 | |a Buenos Aires : |b Suelo argentino, 0 | ||
| 300 | |a 112p. | ||
| 653 | |a Agricultura | ||
| 653 | |a Colorantes vegetales | ||
| 859 | |a CEMS |b BIB. CEMS - Agricultura |h 633.8 |i Se1 |p A10924.82 |t Ej.1 | ||
| 859 | |a CEMS |b BIB. CEMS - Agricultura |h 633.8 |i Se1 |p A11506.82 |t Ej.2 | ||
